Služby cestovného ruchu využívané návštevníkmi organizovaných podujatí
Analýza využitia služieb cestovného ruchu počas návštevy organizovaných podujatí v Slovenskej republike.
Na minha lista:
| Autor principal: | |
|---|---|
| Formato: | Capítulo de Livro |
| Idioma: | eslovaco |
| Assuntos: | |
| Tags: |
Sem tags, seja o primeiro a adicionar uma tag!
|
MARC
| LEADER | 00000naa a2200000 4500 | ||
|---|---|---|---|
| 001 | 0201992 | ||
| 005 | 20231204132310.4 | ||
| 041 | 0 | |a slo | |
| 044 | |a SK | ||
| 245 | 1 | 0 | |a Služby cestovného ruchu využívané návštevníkmi organizovaných podujatí |c Kristína Pompurová |
| 520 | |a Analýza využitia služieb cestovného ruchu počas návštevy organizovaných podujatí v Slovenskej republike. | ||
| 610 | 2 | 0 | |a služby |
| 610 | 2 | 0 | |a analýza štatistická |
| 610 | 2 | 0 | |a ruch cestovný |
| 100 | 1 | |a Pompurová, Kristína | |